000 00265nam a2200097Ia 4500
001 641645
005 20250826153511.0
008 250824s9999 xx 000 0 und d
245 0 _aBİLLUR KÖŞK HİKAYELERİ GENÇLİK KLASİKLERİ
_cANONİM
260 _bTİMAŞ ÇOCUK
999 _c641645
_d641645